000 01131nam a2200301 i 4500
001 bg
100 1 _aWELLS, Alexander Frank
245 1 0 _aStrukturalna chemia nieorganiczna /
_cA. ; z ang. tł. Piotr Dryjański [et al.]
_nF. Wells.
246 _iTyt. oryg.:
_aStructural inorganic chemistry
260 _aWarszawa :
_bWydawnictwa Naukowo-Techniczne,
_c1993.
300 _aXXVI, 1225, [1] s. :
_brys. ;
_c25 cm.
500 _aOryg. : "Structural inorganic chemistry" 1984.
504 _aIndeksy.
521 _aDla pracowników naukowych i dydaktycznych, studentów wyższych lat specjalizujących się w dziedzinie chemii ciała stałego.
650 9 _aChemia nieorganiczna
650 9 _aCiało stałe
_xchemia
650 9 _aKrystalografia
650 9 _aKryształy
_xchemia
655 _aPodręczniki akademickie
020 _a8320415136
040 _cBPK
041 1 _apl
_hen
080 _a546:544.2:548](075.8)
920 _a83-204-1513-6
942 _cKS
008 s pl f |000 0 pol
856 _uhttp://koha.tu.koszalin.pl/cgi-bin/koha/opac-detail.pl?biblionumber=32710
_yKatalog online BPK
999 _c32710
_d32710